Facultad de Derecho – Universidad Nacional de Mar del Plata

Xxiv congreso nacional de derecho procesal : (Record no. 2593)

MARC details
000 -LEADER
fixed length control field 01207nam a22003735a 4500
001 - CONTROL NUMBER
control field 002704
003 - CONTROL NUMBER IDENTIFIER
control field armpunfd
005 - DATE AND TIME OF LATEST TRANSACTION
control field 20140612090713.0
008 - FIXED-LENGTH DATA ELEMENTS--GENERAL INFORMATION
fixed length control field 131009s2007####xx############000#0#und#d
040 ## - CATALOGING SOURCE
Original cataloging agency armpunfd
Transcribing agency armpunfd
080 ## - UNIVERSAL DECIMAL CLASSIFICATION NUMBER
Universal Decimal Classification number 347.9 P 773
245 10 - TITLE STATEMENT
Title Xxiv congreso nacional de derecho procesal :
Remainder of title Por un Sistema judicial eficaz en el marco constitucional en Homenaje al Prof Lino Enrique Palacio.
260 ## - PUBLICATION, DISTRIBUTION, ETC. (IMPRINT)
Date of publication, distribution, etc 2007.
300 ## - PHYSICAL DESCRIPTION
Extent 1071 p.
650 #7 - SUBJECT ADDED ENTRY--TOPICAL TERM
Topical term or geographic name as entry element Accion Revocatoria
Source of heading or term LEMB
650 #7 - SUBJECT ADDED ENTRY--TOPICAL TERM
Topical term or geographic name as entry element Amparo Colectivo
Source of heading or term LEMB
650 #7 - SUBJECT ADDED ENTRY--TOPICAL TERM
Topical term or geographic name as entry element Cosa Juzgada
Source of heading or term LEMB
650 #7 - SUBJECT ADDED ENTRY--TOPICAL TERM
Topical term or geographic name as entry element Principio de Congruencia
Source of heading or term LEMB
650 #7 - SUBJECT ADDED ENTRY--TOPICAL TERM
Topical term or geographic name as entry element Prision Preventiva
Source of heading or term LEMB
650 #7 - SUBJECT ADDED ENTRY--TOPICAL TERM
Topical term or geographic name as entry element Proceso Administrativo
Source of heading or term LEMB
650 #7 - SUBJECT ADDED ENTRY--TOPICAL TERM
Topical term or geographic name as entry element Proceso Civil
Source of heading or term LEMB
650 #7 - SUBJECT ADDED ENTRY--TOPICAL TERM
Topical term or geographic name as entry element Proceso concursal
Source of heading or term LEMB
650 #7 - SUBJECT ADDED ENTRY--TOPICAL TERM
Topical term or geographic name as entry element Proceso Consitucional
Source of heading or term LEMB
650 #7 - SUBJECT ADDED ENTRY--TOPICAL TERM
Topical term or geographic name as entry element Proceso Penal
Source of heading or term LEMB
650 #7 - SUBJECT ADDED ENTRY--TOPICAL TERM
Topical term or geographic name as entry element Prueba Cientifica
Source of heading or term LEMB
650 #7 - SUBJECT ADDED ENTRY--TOPICAL TERM
Topical term or geographic name as entry element Sentencia Declarativa de Inconstitucionalidad
Source of heading or term LEMB
650 #7 - SUBJECT ADDED ENTRY--TOPICAL TERM
Topical term or geographic name as entry element Verificacion Concursal
Source of heading or term LEMB
942 ## - ADDED ENTRY ELEMENTS (KOHA)
Koha item type
Source of classification or shelving scheme
945 ## - LOCAL PROCESSING INFORMATION (OCLC)
a CELESTE
d 2013-10-09
945 ## - LOCAL PROCESSING INFORMATION (OCLC)
a CELESTE
d 2013-10-09
945 ## - LOCAL PROCESSING INFORMATION (OCLC)
a CELESTE
d 2013-10-09
945 ## - LOCAL PROCESSING INFORMATION (OCLC)
a CELESTE
d 2013-10-09
945 ## - LOCAL PROCESSING INFORMATION (OCLC)
a CELESTE
d 2013-10-09
Holdings
Withdrawn status Lost status Source of classification or shelving scheme Damaged status Not for loan Home library Current library Shelving location Date acquired Total Checkouts Full call number Barcode Date last seen Price effective from Koha item type Total Renewals Date checked out
          Bib. Derecho Bib. Derecho Sector Prestamo 12/06/2014   347.9 P 773 202043 12/06/2014 12/06/2014 LIBRO    
          Bib. Derecho Bib. Derecho Sector Prestamo 12/06/2014 1 347.9 P 773 202044 07/04/2026 12/06/2014 LIBRO 4 25/03/2026
          Bib. Derecho Bib. Derecho Sector Prestamo 12/06/2014   347.9 P 773 202045 12/06/2014 12/06/2014 LIBRO    
          Bib. Derecho Bib. Derecho Sector Prestamo 12/06/2014   347.9 P 773 202046 12/06/2014 12/06/2014 LIBRO    
          Bib. Derecho Bib. Derecho Sala de Lectura 12/06/2014   347.9 P 773 202042 12/06/2014 12/06/2014 LIBRO    

XHTML | CSS | ©Biblioteca Central - Dto. Tecnología de la Información - [ Con tecnología Koha ]